=LDR 00000nam 2200000 4500 =001 INLIS000000000025459 =005 20130612123951 =008 ***********************************Ind** =035 ##$$0010-061300000025459 =041 ##$$a Ind =082 ##$$a F Rom K =090 ##$$a F Rom K, Gos d =100 ##$$a Gosho, Aoyama =245 ##$$a Detektif Conan, Aoyama Gosho =260 ##$$a 2004 $b Jakarta =300 ##$$a 200 hlm, ilus, 18 cm =650 ##$$a Fiksi kanak-kanak =850 ##$$a NBPNMAT